Music Quiz

Random Music or Singers Quiz

Movie to Song to Music Artist Quiz Stats

 Plays Quiz Updated Jan 31, 2019

Support Sporcle.
Go Orange.
Score 0/70 Timer 07:00
5 Plays Today
% Correct
Of
94.9%
Born
91.6%
Around
91.4%
Cry
89.7%
I
89.7%
No
89.2%
No
89.1%
To
89%
Want
88.1%
To
87.9%
Have
87.6%
You
85.9%
Just
85.5%
Back
85.3%
The
85.2%
Woman
85.1%
Dream
85%
Down
84.8%
Love
84.8%
Are
84.8%
To
84.8%
The
84.4%
Only
84.1%
Me
84.1%
The
84.1%
Don't
84%
Fun
83.8%
Me
83.4%
You
83.3%
All
82.8%
Side
82.5%
In
81.9%
Eyes
81.6%
Wild
80.4%
Get
80.4%
% Correct
Is
80.1%
Stand
79.9%
Don't
79.5%
Walk
79.4%
On
79.4%
Girls
79.1%
Town
78.5%
On
78.1%
Need
76.2%
Doctor
76.1%
Glass
75.9%
Close
75.8%
Run
75.3%
My
74.6%
Boys
74.6%
On
74.3%
Bring
74.2%
So
73.3%
Crazy
70.7%
Cyndi Lauper
64.7%
Lonely
61.9%
Heart
61%
Beatles
59.5%
Beach Boys
58.8%
Bob Marley
58.1%
Bruce Springsteen
57.5%
Police
52.8%
Aerosmith
50.8%
Heart
49.5%
Blondie
48.7%
Lou Reed
47.8%
Thin Lizzy
47.8%
Roy Orbison
45.3%
Jackson Browne
39.5%
ELO
33.9%

From the Vault

Famous Americans by Mural II

by hatefulmissy

History 6m
"You don't make progress by standing on the sidelines, whimpering and complaining. You make progress by implementing ideas."
Remove Ads.
Support Sporcle.
Get the best of Sporcle when you Go Orange. This ad-free experience offers more features, more stats, and more fun while also helping to support Sporcle. Thank you for becoming a member.

Show Comments

Extras

Top Quizzes Today


Score Distribution

Your Account Isn't Verified!

In order to create a playlist on Sporcle, you need to verify the email address you used during registration. Go to your Sporcle Settings to finish the process.

Report this User

Report this user for behavior that violates our Community Guidelines.

Details: